000 00968am a2200349a 44500
003 AR-BaBNM
005 20251128210936.0
008 241020s1968 #AR|||||||||||000 | esp||
040 _cAR-BaBNM
100 1 _aPiaget, Jean
245 1 0 _aEducación e instrucción
250 _a1ª ed.
260 _aBuenos Aires
_bProteo
_c1968
300 _a130 p.
490 0 _aBiblioteca persona y sociedad
_vv. 13
500 _aContiene referencias bibliográficas
650 4 _aPSICOLOGIA DE LA EDUCACION
650 4 _aDIDACTICA
650 4 _aMETODOS DE ENSEÑANZA
650 4 _aPEDAGOGIA
650 4 _aREFORMA DE LA EDUCACION
650 4 _aCOOPERACION INTERNACIONAL
650 4 _aFORMACION DE DOCENTES
653 _aINVESTIGACION EDUCATIVA
653 _aPLANEAMIENTO EDUCATIVO
653 _aEDUCACION INICIAL
653 _aEDUCACION PRIMARIA
653 _aEDUCACION SECUNDARIA
653 _aORIENTACION EDUCATIVA
942 _cBK
998 _cRAQUEL
999 _c17561
_d17561